Voyage of the Paper Canoe : (Record no. 230430)
[ view plain ]
| 000 -LEADER | |
|---|---|
| fixed length control field | 01485cam a22003493a 4500 |
| 001 - CONTROL NUMBER | |
| control field | 1082 |
| 003 - CONTROL NUMBER IDENTIFIER | |
| control field | PGUSA |
| 005 - DATE AND TIME OF LATEST TRANSACTION | |
| control field | 20140828082956.0 |
| 008 - FIXED-LENGTH DATA ELEMENTS--GENERAL INFORMATION | |
| fixed length control field | 971001s1997||||xxu|||||s|||||000 | eng d |
| 040 ## - CATALOGING SOURCE | |
| Original cataloging agency | PGUSA |
| Language of cataloging | eng |
| 042 ## - AUTHENTICATION CODE | |
| Authentication code | dc |
| 050 #4 - LIBRARY OF CONGRESS CALL NUMBER | |
| Classification number | F1001 |
| 050 #4 - LIBRARY OF CONGRESS CALL NUMBER | |
| Classification number | F106 |
| 100 1# - MAIN ENTRY--PERSONAL NAME | |
| Personal name | Bishop, Nathaniel H. |
| Fuller form of name | (Nathaniel Holmes), |
| Dates associated with a name | 1837-1902 |
| 245 10 - TITLE STATEMENT | |
| Title | Voyage of the Paper Canoe : |
| Remainder of title | A Geographical Journey of 2500 Miles, from Quebec to the Gulf of Mexico, During the Years 1874-5 |
| Medium | [electronic resource] / |
| Statement of responsibility, etc | Nathaniel H. Bishop |
| 260 ## - PUBLICATION, DISTRIBUTION, ETC. (IMPRINT) | |
| Name of publisher, distributor, etc | Project Gutenberg, |
| Date of publication, distribution, etc | 1997 |
| 506 ## - RESTRICTIONS ON ACCESS NOTE | |
| Terms governing access | Public domain in the USA. |
| 516 ## - TYPE OF COMPUTER FILE OR DATA NOTE | |
| Type of computer file or data note | Electronic text |
| 653 ## - INDEX TERM--UNCONTROLLED | |
| Uncontrolled term | Canoes and canoeing -- Canada, Eastern -- History -- 19th century |
| 653 ## - INDEX TERM--UNCONTROLLED | |
| Uncontrolled term | Waterways -- United States -- History -- 19th century |
| 653 ## - INDEX TERM--UNCONTROLLED | |
| Uncontrolled term | Atlantic Coast (Canada) -- Description and travel |
| 653 ## - INDEX TERM--UNCONTROLLED | |
| Uncontrolled term | Bishop, Nathaniel H. (Nathaniel Holmes), 1837-1902 -- Travel -- Canada, Eastern |
| 653 ## - INDEX TERM--UNCONTROLLED | |
| Uncontrolled term | Canada, Eastern -- Description and travel |
| 653 ## - INDEX TERM--UNCONTROLLED | |
| Uncontrolled term | Atlantic Coast (U.S.) -- Description and travel |
| 653 ## - INDEX TERM--UNCONTROLLED | |
| Uncontrolled term | Canoes and canoeing -- United States -- History -- 19th century |
| 653 ## - INDEX TERM--UNCONTROLLED | |
| Uncontrolled term | United States -- Description and travel |
| 653 ## - INDEX TERM--UNCONTROLLED | |
| Uncontrolled term | Waterways -- Canada, Eastern -- History -- 19th century |
| 653 ## - INDEX TERM--UNCONTROLLED | |
| Uncontrolled term | Bishop, Nathaniel H. (Nathaniel Holmes), 1837-1902 -- Travel -- United States |
| 830 #0 - SERIES ADDED ENTRY--UNIFORM TITLE | |
| Uniform title | Project Gutenberg |
| Volume number/sequential designation | 1082 |
| 856 40 - ELECTRONIC LOCATION AND ACCESS | |
| Uniform Resource Identifier | <a href="http://www.gutenberg.org/ebooks/1082">http://www.gutenberg.org/ebooks/1082</a> |
| 942 ## - ADDED ENTRY ELEMENTS (KOHA) | |
| Koha item type | eBooks |
| Withdrawn status | Lost status | Damaged status | Home library | Current library | Date acquired | Total Checkouts | Date last seen | Price effective from | Koha item type |
|---|---|---|---|---|---|---|---|---|---|
| Project Gutenberg | Project Gutenberg | 08/28/2014 | 08/28/2014 | 08/28/2014 | eBooks |